000 00785nam a2200241 a 4500
001 000045575
003 DO-SdBNP
005 20180327135637.0
007 000045575
008 150415s2002 dr a 000 0 spa d
040 _aBPMET
_bspa
_cBPMET
092 _axxxx
_bG216n, 2002
100 1 _aGarcía Arévalo, Manuel
245 1 0 _aNuestros indios :
_blibro para colorear /
_cManuel García Arévalo, José Chez Checo ; dibujo e ilustraciones Leonardo Alvarado.
250 _a3a ed.
260 _aSanto Domingo :
_bFundación García Arévalo,
_c2002.
300 _a51 p. :
_bil. ;
_c28 cm.
700 1 2 _aChez Checo, José
700 1 2 _aAlvarado, Leonardo,
_eil.
942 _2ddc
_cBK
945 _aRemanejado para la BNPHU / 2018 VM
956 _aVMATEO
_b10
_c20150507
_lBPMSU
_h00151
999 _c7808
_d7808